Léon Fredericq et les débuts de la physiologie en Belgique ... (Record no. 38039)
[ view plain ]
| 000 -LEADER | |
|---|---|
| fixed length control field | 00678cam a22002291 4500 |
| 001 - CONTROL NUMBER | |
| control field | med47000338 |
| 003 - CONTROL NUMBER IDENTIFIER | |
| control field | DLC |
| 005 - DATE AND TIME OF LATEST TRANSACTION | |
| control field | 20260227111558.0 |
| 008 - FIXED-LENGTH DATA ELEMENTS--GENERAL INFORMATION | |
| fixed length control field | 820128s1943 xx ac 000 0 fre |
| 010 ## - LIBRARY OF CONGRESS CONTROL NUMBER | |
| LC control number | med47000338 |
| 035 ## - SYSTEM CONTROL NUMBER | |
| System control number | (OCoLC)14746045 |
| 040 ## - CATALOGING SOURCE | |
| Original cataloging agency | DLC |
| Transcribing agency | DNLM |
| Modifying agency | DLC |
| 042 ## - AUTHENTICATION CODE | |
| Authentication code | premarc |
| 050 00 - LIBRARY OF CONGRESS CALL NUMBER | |
| Classification number | QP26.F7 |
| Item number | F55 |
| 060 0# - NATIONAL LIBRARY OF MEDICINE CALL NUMBER | |
| Classification number | WZ 100 |
| Item number | F852F 1943 |
| 100 1# - MAIN ENTRY--PERSONAL NAME | |
| Personal name | Florkin, Marcel. |
| 245 10 - TITLE STATEMENT | |
| Title | Léon Fredericq et les débuts de la physiologie en Belgique ... |
| 260 ## - PUBLICATION, DISTRIBUTION, ETC. | |
| Place of publication, distribution, etc. | Bruxelles, |
| Name of publisher, distributor, etc. | Office de publicité, |
| Date of publication, distribution, etc. | 1943. |
| 300 ## - PHYSICAL DESCRIPTION | |
| Extent | 103, [1] p. |
| Other physical details | ill., ports. |
| 490 0# - SERIES STATEMENT | |
| Series statement | Collection nationale. 3. sér. ; |
| Volume/sequential designation | no. 36 |
| 830 #0 - SERIES ADDED ENTRY--UNIFORM TITLE | |
| Uniform title | Collection nationale. ; |
| Volume/sequential designation | no. 36 |
No items available.